Manual escolar de Historia general / (Record no. 144231)

MARC details
000 -LEADER
campo de control de longitud fija 00761nam a2200229 i 4500
001 - NÚMERO DE CONTROL
campo de control 144231
003 - IDENTIFICADOR DE NÚMERO DE CONTROL
campo de control ES-MaACL
005 - FECHA Y HORA DE LA ÚLTIMA TRANSACCIÓN
campo de control 20260130105234.0
007 - CAMPO FIJO DE DESCRIPCIÓN FÍSICA--INFORMACIÓN GENERAL
campo de control de longitud fija t|
008 - DATOS DE LONGITUD FIJA--INFORMACIÓN GENERAL
campo de control de longitud fija 070214s1924 mx r ||||1| spa d
100 1# - ENTRADA PRINCIPAL--NOMBRE DE PERSONA
Nombre de persona Sierra, Justo,
Fechas asociadas al nombre 1848-1912
9 (RLIN) 160134
245 10 - MENCIÓN DEL TÍTULO
Título Manual escolar de Historia general /
Mención de responsabilidad, etc. Justo Sierra.
250 ## - MENCION DE EDICION
Mención de edición 4ª. ed.
260 ## - PUBLICACIÓN, DISTRIBUCIÓN, ETC.
Lugar de publicación, distribución, etc. México :
Nombre del editor, distribuidor, etc. Secretaría de Educación Pública,
Fecha de publicación, distribución, etc. 1924.
300 ## - DESCRIPCIÓN FÍSICA
Extensión 698 p., 7 map. pleg. :
Otras características físicas il. ;
Dimensiones 23 cm.
530 ## - NOTA DISPONIBLE DE FORMULARIO FÍSICO ADICIONAL
Nota de formato físico adicional disponible Disponible en formato digital.
650 #7 - PUNTO DE ACCESO ADICIONAL DE MATERIA--TÉRMINO DE MATERIA
Término de materia o nombre geográfico como elemento de entrada Historia universal
Fuente del encabezamiento o término embne
9 (RLIN) 13429
852 ## - LOCALIZACIÓN
Ubicación ES-MaACL
Número de control de estantería A-1092
Ubicación en estantería Sala Pecera Planta 1
856 4# - LOCALIZACIÓN Y ACCESO ELECTRÓNICOS
Identificador Uniforme de Recursos <a href="http://bdh-rd.bne.es/viewer.vm?id=0000129704&page=1 ">http://bdh-rd.bne.es/viewer.vm?id=0000129704&page=1 </a>
Texto de enlace Biblioteca Digital Hispánica
942 ## - ELEMENTOS DE ENTRADA SECUNDARIOS (KOHA)
Fuente del sistema de clasificación o colocación Clasificación decimal universal
Holdings
Estatus retirado Estado de pérdida Estado de daño No para préstamo Colección Biblioteca de origen Biblioteca actual Ubicación en estantería Fecha de adquisición Fuente de adquisición Total de préstamos Signatura topográfica completa Código de barras Visto por última vez Precio de reemplazo Tipo de ítem Koha
        Colección digital Biblioteca del Ateneo de Madrid Biblioteca del Ateneo de Madrid Sala Pecera Planta 1 17/01/2008     A-1092 1150060 23/02/2023 23/02/2023 Libro impreso